Analýza elektrickej trakcie

Uložené v:
Podrobná bibliografia
Hlavný autor: Kuchar, Peter (Autor)
Ďalší autori: Cintula, Boris (Vedúci práce)
Médium: Rukopis Kniha
Jazyk:Slovak
Vydavateľské údaje: Bratislava : STU v Bratislave FEI, 2025
Predmet:
On-line prístup:https://opac.crzp.sk/?fn=detailBiblioFormChildM11P40R&sid=BA75C2D62745AD5723E89A9ED92F&seo=CRZP-detail-kniha
Tagy: Pridať tag
Žiadne tagy, Buďte prvý, kto otaguje tento záznam!

MARC

LEADER 00000ntm a22000003a 4500
001 stuzp101832
003 SK-STU
005 20260203095446.2
007 ta
008 150427s2015----xo-----f-mn---000-0-slo-d
040 |a STU  |b slo 
041 0 |a slo 
044 |a xo 
100 1 |a Kuchar, Peter  |u 032000  |4 aut  |U FEI Fakulta elektrotechniky a informatiky  |T FEI Ústav elektroenergetiky a aplikovanej elektrotechniky  |X 120672  |U E020  |Y 548  |7 120672 
242 0 1 |a Electric traction analysis  |y eng 
245 1 0 |a Analýza elektrickej trakcie 
260 |a Bratislava :  |b STU v Bratislave FEI,  |c 2025 
300 |a 85 s. 
650 4 |a Trakcia  |2 slo 
650 4 |a Trakčné napájacie sústavy  |2 slo 
650 4 |a Nesymetria napätia  |2 slo 
650 4 |a Simulácia  |2 slo 
650 4 |a Traction Power Supply Systems  |2 eng 
650 4 |a Voltage Unbalance  |2 eng 
650 4 |a Traction  |2 eng 
650 4 |a Simulation  |2 eng 
700 1 |a Cintula, Boris  |u 032000  |k Z1  |4 ths  |U FEI Fakulta elektrotechniky a informatiky  |T FEI Ústav elektroenergetiky a aplikovanej elektrotechniky  |X 35350  |U E020  |Y 548  |7 A000035350 
856 4 |u https://opac.crzp.sk/?fn=detailBiblioFormChildM11P40R&sid=BA75C2D62745AD5723E89A9ED92F&seo=CRZP-detail-kniha